McGraw-Hill encyclopedia of personal computing / (Record no. 184381)
[ view plain ]
| 000 -LEADER | |
|---|---|
| fixed length control field | 00571 a2200193 4500 |
| 003 - CONTROL NUMBER IDENTIFIER | |
| control field | Nust |
| 005 - DATE AND TIME OF LATEST TRANSACTION | |
| control field | 20230227190552.0 |
| 010 ## - LIBRARY OF CONGRESS CONTROL NUMBER | |
| LC control number | 95017260 |
| 020 ## - INTERNATIONAL STANDARD BOOK NUMBER | |
| International Standard Book Number | 0070237182 |
| 040 ## - CATALOGING SOURCE | |
| Transcribing agency | Nust |
| 082 00 - DEWEY DECIMAL CLASSIFICATION NUMBER | |
| Classification number | 004.03,GIB |
| 100 1# - MAIN ENTRY--PERSONAL NAME | |
| Personal name | Gibilisco, Stan. |
| 9 (RLIN) | 2372 |
| 245 10 - TITLE STATEMENT | |
| Title | McGraw-Hill encyclopedia of personal computing / |
| Statement of responsibility, etc. | Stan Gibilisco, editor in chief. |
| 246 30 - VARYING FORM OF TITLE | |
| Title proper/short title | Encyclopedia of personal computing |
| 260 ## - PUBLICATION, DISTRIBUTION, ETC. | |
| Place of publication, distribution, etc. | New York : |
| Name of publisher, distributor, etc. | McGraw-Hill, |
| Date of publication, distribution, etc. | c1995. |
| 300 ## - PHYSICAL DESCRIPTION | |
| Extent | xvi, 1216 p. : |
| Other physical details | ill. ; |
| Dimensions | 29 cm. |
| 650 #0 - SUBJECT ADDED ENTRY--TOPICAL TERM | |
| Topical term or geographic name entry element | Microcomputers |
| General subdivision | Encyclopedias. |
| 9 (RLIN) | 109616 |
| 942 ## - ADDED ENTRY ELEMENTS (KOHA) | |
| Koha item type | Reference |
| Source of classification or shelving scheme | |
| Withdrawn status | Lost status | Source of classification or shelving scheme | Damaged status | Not for loan | Permanent Location | Current Location | Shelving location | Date acquired | Full call number | Barcode | Date last seen | Price effective from | Koha item type | Public note |
|---|---|---|---|---|---|---|---|---|---|---|---|---|---|---|
| Military College of Signals (MCS) | Military College of Signals (MCS) | Reference | 12/12/2016 | 004.1603,GIB | MCS27187 | 12/08/2016 | 12/12/2016 | Reference | Almirah No.72, Shelf No.1 |
